00613 2200193 4500001002100000005001500021035002000036008004100056245009000097100002800187260005800215300001900273020002200292084002000314082001000334650004900344250000600393990002000399INLIS00000000000787820260418123827 a0010-0426000066260418 1 ind 1 aThe Return Of Sherlock Holmes :bKembalinya Sherlock Holmes /cSir Arthur Conan Doyle aDoyle, Sir Arthur Conan aYogyakarta :bCV.Indoliterasi Publishing House,c2026 a360 ;c19 x 13 a978-602-6466-04-4 a823.8 DOY T C.1 a823.8 4aFiksi Inggris periode Victoria (1837–1899) aI a260311300011210